Statistics for Pikmin Types Quiz

Click here to take the quiz!

General Stats

  • This quiz has been taken 47 times
  • The average score is 8 of 9

Answer Stats

NameGame Debut% Correct
BluePikmin
100%
RedPikmin
100%
YellowPikmin
98%
PurplePikmin 2
93%
WhitePikmin 2
93%
RockPikmin 3
90%
IcePikmin 4
88%
FlyingPikmin 3
85%
GlowPikmin 4
78%

Score Distribution

Percentile by Number Answered

Percent of People with Each Score

Your Score History

You have not taken this quiz